[Event "Premier Quad, S40479"]
[Site "CCLA"]
[Date "2014.12.31"]
[Round "?"]
[White "Richardson, Ryan M."]
[Black "Stroup, Jim"]
[Result "1/2-1/2"]
[WhiteElo "1689"]
[BlackElo "1768"]

1. d4 Nf6 2. c4 e6 3. Nc3 Bb4 4. Qc2 O-O 5. a3 Bxc3+ 6. Qxc3 b6 7. Bg5 h6 
8. Bxf6 Qxf6 9. e3 Bb7 10. f3 d6 11. Nh3 c5 12. O-O-O Nc6 13. Nf2 Qh4 14. 
Ne4 d5 15. cxd5 exd5 16. Nd6 cxd4 17. Qd2 Na5 18. Kb1 Rfd8 19. Nxb7 dxe3 
20. Qxe3 Nxb7 21. Qd4 Qxd4 22. Rxd4 Nc5 23. Be2 Ne6 24. Rd2 d4 25. Rc1 
Rac8 26. Bc4 Kf8 27. Bxe6 Rxc1+ 28. Kxc1 fxe6 29. Rc2 Ke7 30. Rc7+ Rd7 31.
 Rc8 a5 32. Kd2 Rd5 33. a4 Rh5 34. h3 Rg5 35. g4 Re5 36. Rc7+ Kf6 37. Rc4 
Re3 38. Rxd4 Rxf3 39. Rd6 Rb3 40. Kc2 Rxh3 41. Rxb6 Rg3 42. Ra6 Rxg4 43. 
Rxa5 g5 44. Ra8 h5 45. a5 h4 46. a6 Ra4 47. b4 h3 48. Kb3 Ra1 49. Kb2 h2 
50. Rh8 Rxa6 51. Rxh2 g4 52. Rh8 Kg5 53. Rg8+ Kf4 54. Rf8+ Ke4 55. Rg8 Kf3
56. Rf8+ Kg2 57. Rf6 g3 58. Kb3 Kh2 59. b5 Rd6 60. Kc4 g2 61. Rh6+ Kg1 62.
 Rf6 Rd8 63. Rxe6 Rg8 64. Re2 Rg7 65. b6 1/2-1/2

[Event "Open Server Series, S40209"]
[Site "CCLA"]
[Date "2014.06.13"]
[Round "?"]
[White "Richardson, Ryan M."]
[Black "Ramsden, Jim E."]
[Result "1-0"]
[WhiteElo "1689"]
[BlackElo "1836"]

1. d4 Nf6 2. c4 e6 3. Nc3 Bb4 4. Qc2 O-O 5. a3 Bxc3+ 6. Qxc3 b6 7. Bg5 Ba6
8. Qf3 Nc6 9. Bxf6 Qxf6 10. Qxf6 gxf6 11. e3 Na5 12. Rc1 Rac8 13. b4 Nb7 
14. b5 Bxb5 15. cxb5 c5 16. bxc6 Rxc6 17. Rxc6 dxc6 18. Nf3 c5 19. Ba6 Nd6
20. dxc5 bxc5 21. Nd2 Rb8 22. O-O Rb2 23. Nc4 Nxc4 24. Bxc4 Rc2 25. Bb5 c4
26. a4 c3 27. g3 Rd2 28. Rc1 c2 29. Kg2 1-0

[Event "Herbert W. Gustafson Memorial , S47179"]
[Site "CCLA"]
[Date "2014.10.27"]
[Round "?"]
[White "Hodgkins, Neil C."]
[Black "Anderson, Lawrence D."]
[Result "1-0"]
[WhiteElo "1419"]
[BlackElo "1365"]

1. d4 Nf6 2. c4 e6 3. Nc3 Bb4 4. Qc2 O-O 5. a3 Bxc3+ 6. Qxc3 b6 7. Bg5 Bb7
8. Nf3 d6 9. e3 Nbd7 10. Be2 Qe8 11. Rd1 c5 12. b4 Ne4 13. Qc2 f6 14. Bf4 
d5 15. O-O Rc8 16. Bd3 e5 17. dxe5 fxe5 18. Bg5 h6 19. Bh4 Ndf6 20. Bxf6 
Rxf6 21. Nd2 Ng5 22. h4 Ne6 23. cxd5 Bxd5 24. e4 Bb7 25. Nf3 Nf4 26. Bc4+ 
Kh7 27. Rfe1 Qg6 28. g3 Nh5 29. Kg2 Nf4+ 30. Kh2 Qg4 31. Ng1 Rcf8 32. f3 
Qh5 33. Qf2 g5 34. g4 Qf7 35. Bxf7 R8xf7 36. bxc5 bxc5 37. h5 Ne6 38. Rd6 
a5 39. Red1 Bxe4 40. Rd7 Rxd7 41. Rxd7+ Ng7 42. Kg3 Bc6 43. Qc2+ Kg8 44. 
Rd8+ Rf8 45. Qc4+ 1-0

[Event "Herbert W. Gustafson Memorial, S47149"]
[Site "CCLA"]
[Date "2014.10.27"]
[Round "?"]
[White "Perry, William E."]
[Black "Luna, Joseph"]
[Result "0-1"]
[WhiteElo "1440"]
[BlackElo "1510"]

1. d4 Nf6 2. c4 e6 3. Nc3 Bb4 4. Qc2 O-O 5. a3 Bxc3+ 6. Qxc3 b6 7. Bg5 Bb7
8. f3 h6 9. Bh4 d5 10. e3 Re8 11. Nh3 Nbd7 12. cxd5 exd5 13. Bb5 c6 14. 
Be2 Ne4 15. Bxd8 Nxc3 16. Kd2 Nxe2 17. Kxe2 Raxd8 18. Kd3 Ba6+ 0-1

[Event "Winter Server Series, S40021"]
[Site "CCLA"]
[Date "2014.01.27"]
[Round "?"]
[White "Capuzzi, Gabriele"]
[Black "Branton, Gary"]
[Result "0-1"]
[WhiteElo "1775"]
[BlackElo "1856"]

1. d4 Nf6 2. c4 e6 3. Nc3 Bb4 4. Qc2 O-O 5. a3 Bxc3+ 6. Qxc3 b6 7. Bg5 Bb7
8. f3 h6 9. Bh4 d5 10. e3 Nbd7 11. Nh3 Rc8 12. c5 bxc5 13. dxc5 c6 14. Bd3
Ne4 15. Bxd8 Nxc3 16. Be7 Rfe8 17. Bd6 Nb5 18. Bxb5 cxb5 19. b4 e5 20. O-O
Nf6 21. Nf2 d4 22. exd4 exd4 23. Rfd1 Re6 24. Re1 Rce8 25. Kf1 Nd5 26. Ne4
Ne3+ 27. Ke2 Nc2 28. Kd3 Nxe1+ 29. Rxe1 f5 0-1

[Event "Premier Quad, S40479"]
[Site "CCLA"]
[Date "2014.12.31"]
[Round "?"]
[White "Richardson, Ryan M."]
[Black "Klimushyn, Charles"]
[Result "1-0"]
[WhiteElo "1689"]
[BlackElo "1648"]

1. d4 Nf6 2. c4 e6 3. Nc3 Bb4 4. Qc2 Nc6 5. Nf3 d6 6. a3 Bxc3+ 7. Qxc3 O-O
8. Bg5 h6 9. Bh4 Re8 10. e3 d5 11. Bd3 Ne7 12. Bxf6 gxf6 13. c5 Ng6 14. h4
f5 15. h5 Nf8 16. Ne5 f6 17. Nf3 Qe7 18. O-O-O e5 19. dxe5 fxe5 20. Bc2 e4
21. Nd4 c6 22. Rdg1 Nh7 23. Ne2 Rf8 24. Nf4 Rf6 25. Ng6 Qf7 26. f4 Nf8 27.
 Ne5 Qc7 28. Rh3 Nd7 29. Ng6 Qd8 30. g4 Nf8 31. g5 hxg5 32. fxg5 Rxg6 33. 
hxg6 Nxg6 34. Rgh1 1-0

[Event " NA Class A Server Championship, S40109"]
[Site "CCLA"]
[Date "2014.04.30"]
[Round "?"]
[White "Cacas, Alexander"]
[Black "Bapple, Edward C."]
[Result "1/2-1/2"]
[WhiteElo "1886"]
[BlackElo "1979"]

1. d4 Nf6 2. c4 e6 3. Nc3 Bb4 4. Qc2 Nc6 5. Nf3 d6 6. Bd2 O-O 7. a3 Bxc3 
8. Bxc3 Qe7 9. e3 a5 10. Bd3 e5 11. dxe5 dxe5 12. Ng5 h6 13. Ne4 Nxe4 14. 
Bxe4 Nd4 15. exd4 exd4 16. Bxd4 f5 17. O-O fxe4 18. Rfe1 Bf5 19. Qc3 c5 
20. Be3 b6 21. Rad1 Rad8 22. h3 Qe6 23. Kh2 Rxd1 24. Rxd1 Bxh3 25. Bxc5 
bxc5 26. Qxh3 Qxh3+ 27. Kxh3 Rxf2 28. Rb1 e3 29. Kg3 Rd2 30. Re1 Rxb2 31. 
Rxe3 Rc2 32. Re8+ Kh7 33. Ra8 Rc3+ 34. Kf2 Rxa3 35. Rc8 a4 36. Rxc5 Rc3 
37. Rc8 a3 38. Ra8 h5 39. c5 g5 40. c6 h4 41. c7 Rxc7 42. Rxa3 Kg6 43. 
Ra6+ Kh5 44. Ra5 Rc3 45. Rb5 h3 46. gxh3 Rxh3 47. Kg2 Rc3 48. Ra5 Kh4 49. 
Ra4+ g4 50. Ra1 Rc2+ 51. Kg1 Kh3 52. Rb1 g3 53. Ra1 Rc3 1/2-1/2

[Event "Winter Server Series, S40021"]
[Site "CCLA"]
[Date "2014.01.27"]
[Round "?"]
[White "Capuzzi, Gabriele"]
[Black "Bapple, Edward C."]
[Result "0-1"]
[WhiteElo "1775"]
[BlackElo "1979"]

1. d4 Nf6 2. c4 e6 3. Nc3 Bb4 4. Qc2 Nc6 5. Nf3 d6 6. Bd2 O-O 7. a3 Bxc3 
8. Bxc3 Qe7 9. e3 a5 10. Be2 e5 11. O-O e4 12. Nd2 Bf5 13. b4 axb4 14. 
axb4 Rfc8 15. b5 Nd8 16. Nb3 c6 17. b6 Bg4 18. Na5 Bxe2 19. Qxe2 Nd7 20. 
Rfb1 h6 21. Qg4 g6 22. Qf4 Kh7 23. Bb4 c5 24. Bc3 Ra6 25. d5 f5 26. Rb5 
Ne5 27. Bxe5 dxe5 28. Qg3 Nf7 29. f3 exf3 30. gxf3 Nd6 31. Rbb1 Rca8 32. 
Qe1 Qg5+ 33. Kh1 Qh5 34. Kg2 g5 35. Qc3 e4 36. Rf1 exf3+ 37. Rxf3 Rxa5 38.
 Rxa5 Qg4+ 39. Rg3 Qe2+ 40. Kh1 Ne4 41. Qa1 Rxa5 42. Qxa5 Qf1+ 0-1

[Event "Herbert W Gustafson Memorial, S47129"]
[Site "CCLA"]
[Date "2014.10.27"]
[Round "?"]
[White "Miner, David"]
[Black "Strelecky, Rich"]
[Result "1-0"]
[WhiteElo "1619"]
[BlackElo "1584"]

1. d4 Nf6 2. c4 e6 3. Nc3 Bb4 4. Qc2 d5 5. cxd5 Qxd5 6. Nf3 c5 7. Bd2 Bxc3
8. Bxc3 cxd4 9. Nxd4 e5 10. Nf5 Bxf5 11. Qxf5 Nbd7 12. Rd1 Qe6 13. Qxe6+ 
fxe6 14. e3 a6 15. Bc4 Kf7 16. O-O Rhd8 17. Rd6 Re8 18. Rfd1 Re7 19. a4 
Rae8 20. a5 Kg8 21. f4 exf4 22. exf4 Kh8 23. Bb4 Nf8 24. Rd8 Rc7 25. Rxe8 
Nxe8 26. Rd8 Rxc4 27. Rxe8 h5 28. Bxf8 Kh7 29. Re7 Rxf4 30. Bxg7 Kg6 31. 
Rxb7 Ra4 32. Bc3 Ra1+ 33. Kf2 Kf5 34. Ra7 h4 35. Rxa6 Ra4 36. b4 Ra2+ 37. 
Kf3 e5 38. g4+ hxg3 39. hxg3 e4+ 40. Ke3 Ra3 41. Rf6+ Kg4 42. Kd4 Kxg3 43.
 b5 Ra4+ 44. Kc5 Ra3 45. Kb4 1-0

[Event "NA Class C Server Championship, S40129"]
[Site "CCLA"]
[Date "2014.04.30"]
[Round "?"]
[White "Miller, Allan A."]
[Black "Strelecky, Rich"]
[Result "1-0"]
[WhiteElo "1563"]
[BlackElo "1584"]

1. d4 Nf6 2. c4 e6 3. Nc3 Bb4 4. Qc2 d5 5. cxd5 Qxd5 6. a3 Bxc3+ 7. Qxc3 
Nc6 8. e3 O-O 9. Nf3 Ne4 10. Qc4 Nd6 11. Qxd5 exd5 12. Nd2 Re8 13. Be2 Ne4
14. Nxe4 Rxe4 15. f3 Re6 16. b4 Rg6 17. Kf2 Ne7 18. Bd3 Rc6 19. Bd2 Bf5 
20. Bxf5 Nxf5 21. Rhc1 Rc4 22. Rxc4 dxc4 23. a4 f6 24. Rc1 Nd6 25. b5 a6 
26. Ba5 axb5 27. Bxc7 Ne8 28. Bb6 Rxa4 29. e4 Ra2+ 30. Kg3 Ra6 31. Bc5 b6 
32. Bb4 Ra4 33. Rb1 Nc7 34. d5 Kf7 35. Bd6 Ne8 36. Bb4 g5 37. h4 gxh4+ 38.
 Kxh4 Ra2 39. g3 Ra7 40. f4 Rd7 41. Kg4 Kg6 42. f5+ Kf7 43. Ra1 Nd6 44. 
Kf3 Nc8 45. g4 Rd8 46. Kf4 h6 47. Ra8 Ke8 48. Rb8 Kf7 49. Rb7+ Kg8 50. Bc3
Re8 51. Bxf6 Rxe4+ 52. Kxe4 Nd6+ 53. Kd4 Nxb7 54. Be5 Nc5 55. d6 Nd7 56. 
Bf4 Kh7 57. Kd5 Nb8 58. Ke6 Nc6 59. f6 Kg6 60. Kd7 Nd4 61. Be5 Nf3 62. Ke6
Ng5+ 63. Ke7 b4 64. d7 Nf7 65. d8=Q Nxd8 66. Kxd8 Kf7 67. Kd7 c3 68. Kd6 
c2 69. Bb2 b3 70. Ke5 b5 71. Kf5 b4 72. Ke5 Kf8 73. Ke6 Ke8 74. f7+ Kf8 
75. Bc1 1-0

[Event "Summer Server Series, S40071"]
[Site "CCLA"]
[Date "2014.07.28"]
[Round "?"]
[White "Greco, Tom"]
[Black "Avery, Bryce"]
[Result "1/2-1/2"]
[WhiteElo "1644"]
[BlackElo "1663"]

1. d4 Nf6 2. c4 e6 3. Nc3 Bb4 4. Qc2 d5 5. cxd5 exd5 6. Bg5 h6 7. Bxf6 
Qxf6 8. a3 Bxc3+ 9. Qxc3 O-O 10. e3 c6 11. Ne2 Bf5 12. Ng3 Bh7 13. Be2 Nd7
14. O-O Qd6 15. Rac1 f5 16. Nh5 Nf6 17. Nf4 g5 18. Nd3 Ne4 19. Qb3 Nd2 20.
 Qxb7 Nxf1 21. Kxf1 Qxh2 22. f3 Rac8 23. Qxa7 g4 24. Qd7 g3 25. Ke1 Qxg2 
26. Qe6+ Kg7 27. Qe7+ Rf7 28. Qh4 Rf6 29. Kd2 Qh2 30. Qxh2 gxh2 31. Rh1 
Re8 32. Nf4 Kf7 33. Rxh2 Rg8 34. a4 Ke7 35. Rh1 Ra8 36. Ra1 Kd6 37. b4 Bg6
38. a5 Be8 39. a6 h5 40. Rg1 Rf8 41. Rg5 h4 42. Rg1 Rh8 43. Rh1 Kc7 44. 
Ne6+ Kb6 45. Nc5 Rd8 46. Kc3 Bd7 47. Bf1 Bc8 48. Rh2 Rdg8 49. Kd2 Rg3 50. 
Ke2 Bxa6+ 51. Nxa6 Kxa6 52. Kf2+ Kb6 53. Rxh4 Rxf3+ 54. Kxf3 Rxh4 55. Bd3 
Rh5 56. Kf4 Rh2 57. Bxf5 Rb2 58. Ke5 Rxb4 59. e4 dxe4 60. Bxe4 Kb5 1/2-1/2

[Event "Herbert W. Gustafson Memorial Open, S47069"]
[Site "CCLA"]
[Date "2014.10.27"]
[Round "?"]
[White "Cacas, Alexander"]
[Black "Blake, Michael J."]
[Result "0-1"]
[WhiteElo "1886"]
[BlackElo "2008"]

1. d4 Nf6 2. c4 e6 3. Nc3 Bb4 4. Qc2 O-O 5. a3 Bxc3+ 6. Qxc3 d5 7. e3 b6 
8. Nf3 Bb7 9. c5 Ne4 10. Qc2 bxc5 11. dxc5 a5 12. Bd3 Qe7 13. Bxe4 dxe4 
14. Nd4 Ba6 15. Qxe4 Nd7 16. b4 axb4 17. axb4 Bb7 18. Qb1 Rxa1 19. Qxa1 
Qg5 20. Rg1 Ne5 21. Qc3 Rd8 22. b5 Be4 23. Kf1 Bd3+ 24. Ke1 Qh5 25. Nf3 
Be4 26. Nd2 Nd3+ 0-1

[Event "Premier Quad, S40229"]
[Site "CCLA"]
[Date "2014.07.21"]
[Round "?"]
[White "Richardson, Ryan M."]
[Black "Disque, Philip"]
[Result "1/2-1/2"]
[WhiteElo "1689"]
[BlackElo "1669"]

1. d4 Nf6 2. c4 e6 3. Nc3 Bb4 4. Qc2 d5 5. a3 Bxc3+ 6. Qxc3 Ne4 7. Qc2 c5 
8. dxc5 Nc6 9. e3 Qa5+ 10. Bd2 Nxd2 11. Qxd2 dxc4 12. Bxc4 Qxc5 13. Rc1 
Qa5 14. Nf3 Bd7 15. O-O Qxd2 16. Nxd2 O-O 17. Nf3 Rac8 18. Rfd1 Rfd8 19. 
Bb5 f6 20. Rd6 Kf7 21. Rcd1 Ke7 22. Kf1 Ne5 23. Bxd7 Rxd7 24. Rxd7+ Nxd7 
25. Rd2 Rc1+ 26. Ke2 Nc5 27. Nd4 g6 28. Rc2 Rxc2+ 29. Nxc2 Kd6 30. f3 Nb3 
31. Kd3 h6 32. Kc3 Na5 33. Nd4 a6 34. Ne2 e5 35. Ng3 f5 36. Nf1 Kd5 37. 
Nd2 e4 38. b4 Nc6 39. f4 b5 40. Nb3 g5 41. g3 g4 42. Nc5 Nb8 43. Kb3 Kd6 
1/2-1/2

[Event "Open Server Series, S40039"]
[Site "CCLA"]
[Date "2014.01.31"]
[Round "?"]
[White "Capuzzi, Gabriele"]
[Black "Welch, Kevin"]
[Result "1-0"]
[WhiteElo "1775"]
[BlackElo "1689"]

1. d4 Nf6 2. c4 e6 3. Nc3 Bb4 4. Qc2 c5 5. dxc5 O-O 6. a3 Bxc5 7. Nf3 b6 
8. Bg5 Bb7 9. e4 h6 10. Bh4 Be7 11. Be2 1-0

[Event "2014 Server Championship, S40029"]
[Site "CCLA"]
[Date "2014.01.27"]
[Round "?"]
[White "Greene, Sanford I."]
[Black "Shnaiderman, Lazar"]
[Result "1/2-1/2"]
[WhiteElo "2375"]
[BlackElo "2026"]

1. d4 Nf6 2. c4 e6 3. Nc3 Bb4 4. e3 b6 5. Bd3 Bb7 6. f3 c5 7. Ne2 cxd4 8. 
exd4 O-O 9. O-O d5 10. cxd5 Nxd5 11. Nxd5 Bxd5 12. a3 Bd6 13. Be3 Nc6 14. 
Nc3 Qh4 15. f4 Ne7 16. g3 Qh3 17. Nxd5 Nxd5 18. Qf3 Nxe3 19. Qxe3 Rfd8 20.
 Rac1 Rac8 21. Rxc8 Rxc8 22. Rc1 1/2-1/2

[Event "Herbert W. Gustafson Memorial Open, S47059"]
[Site "CCLA"]
[Date "2014.10.27"]
[Round "?"]
[White "Clancey, James"]
[Black "Carter, Maurice H."]
[Result "1/2-1/2"]
[WhiteElo "2053"]
[BlackElo "2041"]

1. d4 Nf6 2. c4 e6 3. Nc3 Bb4 4. e3 b6 5. Ne2 c5 6. a3 Ba5 7. Bd2 O-O 8. 
Ng3 Bb7 9. d5 Bxc3 10. Bxc3 exd5 11. Qd2 dxc4 12. Bxc4 d5 13. Bxf6 Qxf6 
14. Bxd5 Bxd5 15. Qxd5 Nc6 16. O-O-O Rad8 17. Qf5 Qe7 18. Qe4 1/2-1/2

[Event "Herbert W Gustafson Memorial, S47129"]
[Site "CCLA"]
[Date "2014.10.27"]
[Round "?"]
[White "Miller, Allan A."]
[Black "Miner, David"]
[Result "1/2-1/2"]
[WhiteElo "1563"]
[BlackElo "1619"]

1. d4 Nf6 2. c4 e6 3. Nc3 Bb4 4. e3 O-O 5. Bd2 b6 6. a3 Be7 7. Nf3 Ba6 8. 
b4 d5 9. b5 Bb7 10. Bd3 dxc4 11. Bxc4 a6 12. O-O axb5 13. Bxb5 Rxa3 14. 
Rxa3 Bxa3 15. Qc2 Bxf3 16. gxf3 Bb4 17. Rb1 Bxc3 18. Qxc3 Nd5 1/2-1/2

[Event "Regular Quad, S40299"]
[Site "CCLA"]
[Date "2014.09.15"]
[Round "?"]
[White "Miller, Allan A."]
[Black "Leber, David"]
[Result "1-0"]
[WhiteElo "1563"]
[BlackElo "1375"]

1. d4 Nf6 2. c4 e6 3. Nc3 Bb4 4. e3 O-O 5. Bd2 Nc6 6. Nf3 Re8 7. Bd3 e5 8.
 dxe5 Nxe5 9. Nxe5 Rxe5 10. a3 Bc5 11. Qc2 d6 12. b4 Bb6 13. Ne2 Bg4 14. 
Bc3 g6 15. Bxe5 dxe5 16. c5 Bxc5 17. bxc5 Qd5 18. f3 Bd7 19. Ng3 c6 20. 
Bc4 Bf5 21. Nxf5 Qd8 22. Nd6 Nd5 23. Bxd5 Kg7 24. Bxf7 Qh4+ 25. g3 Qe7 26.
 Qc4 Rd8 27. Qe6 Qc7 28. Qxe5+ Kh6 29. Nf5+ gxf5 30. Qxc7 Rd3 31. Qe7 Rc3 
32. Qf6# 1-0

[Event "Premier Quad, S40459"]
[Site "CCLA"]
[Date "2014.12.29"]
[Round "?"]
[White "Clancey, James"]
[Black "Laven, George"]
[Result "1/2-1/2"]
[WhiteElo "2053"]
[BlackElo "1834"]

1. d4 Nf6 2. c4 e6 3. Nc3 Bb4 4. e3 O-O 5. Bd3 d5 6. Ne2 dxc4 7. Bxc4 c5 
8. a3 Bxc3+ 9. Nxc3 cxd4 10. exd4 Nc6 11. Be3 b6 12. O-O Bb7 13. Rc1 Rc8 
14. Ba2 Qd6 15. h3 Ne7 16. Bg5 Ned5 17. Bb1 Nxc3 18. Rxc3 Ne4 19. Rxc8 
Rxc8 20. Be3 Nf6 21. Qa4 Qb8 22. f3 Nd5 23. Bd2 Qd6 24. Rc1 Rxc1+ 25. Bxc1
Qc6 26. Qxc6 Bxc6 27. Bd3 h6 28. Kf2 Kf8 29. Bd2 Ke7 30. Be4 1/2-1/2

[Event "2014 Server Championship, S40029"]
[Site "CCLA"]
[Date "2014.01.27"]
[Round "?"]
[White "Greene, Sanford I."]
[Black "Lewis, James W."]
[Result "1-0"]
[WhiteElo "2375"]
[BlackElo "2098"]

1. d4 Nf6 2. c4 e6 3. Nc3 Bb4 4. e3 O-O 5. Bd3 d5 6. Nf3 c5 7. O-O Nc6 8. 
a3 Bxc3 9. bxc3 Qc7 10. Qe2 Na5 11. cxd5 exd5 12. Nd2 Bg4 13. f3 Bd7 14. 
Rb1 Rfe8 15. Qf2 Bc6 16. Re1 c4 17. Bc2 b5 18. e4 Nb3 19. Bxb3 cxb3 20. e5
Nd7 21. Nxb3 Nf8 22. f4 Bd7 23. f5 Qxc3 24. Re3 Qc8 25. Rf3 a5 26. Bd2 Ra6
27. Bxa5 Qc6 28. Bb4 Rea8 29. Bxf8 Rxf8 30. Nc5 Raa8 31. f6 g5 32. Rg3 1-0

[Event "2014 Server Championship, S40029"]
[Site "CCLA"]
[Date "2014.01.27"]
[Round "?"]
[White "Anderson, Aaron J."]
[Black "Greene, Sanford I."]
[Result "1/2-1/2"]
[WhiteElo "2308"]
[BlackElo "2375"]

1. Nf3 Nf6 2. c4 g6 3. d4 Bg7 4. g3 d6 5. Bg2 O-O 6. O-O Bf5 7. Nc3 Ne4 8.
 Nd5 c6 9. Ne3 Be6 10. b3 Nd7 11. Qd3 Ndf6 12. Nh4 d5 13. Nf3 a5 14. Ba3 
Re8 15. cxd5 cxd5 16. Ne5 Nd6 17. Rfc1 a4 18. Bb4 Qb6 19. a3 axb3 20. Rd1 
b2 21. Rab1 Nfe4 22. Rxb2 Rac8 23. Rbb1 Qa7 24. Rbc1 f6 25. Nf3 Bf7 26. g4
Rxc1 27. Rxc1 b5 28. Nd2 Nxd2 29. Bxd6 Nc4 30. Bc5 Qd7 31. Rb1 Bh6 32. Nd1
Qxg4 33. Nc3 Bd2 34. Nxb5 Ba5 35. Nc3 Kg7 36. h3 Qd7 37. a4 Rc8 38. Rb5 f5
39. e3 h6 40. Nb1 Bc7 41. Nc3 g5 42. Qe2 Ra8 43. Qd1 Ba5 44. Bb4 Bxb4 45. 
Rxb4 Rc8 46. Qe1 Qd8 47. Rb7 Nd6 48. Rb1 Nc4 49. Rb7 Ra8 50. Rb4 Ra6 51. 
Bf1 Rc6 52. Rb5 e6 53. Na2 Be8 54. Nb4 Rb6 55. Rc5 Bxa4 56. Bxc4 dxc4 57. 
d5 Qd6 58. Rxc4 1/2-1/2

[Event "Regular Quad, S40299"]
[Site "CCLA"]
[Date "2014.09.15"]
[Round "?"]
[White "Leber, David"]
[Black "Blankenship, Jerry T."]
[Result "0-1"]
[WhiteElo "1375"]
[BlackElo "1599"]

1. d4 Nf6 2. c4 g6 3. Nc3 d6 4. Nf3 Bg7 5. Bg5 O-O 6. e3 c5 7. d5 Nbd7 8. 
Bd3 e6 9. e4 Qb6 10. b3 Nxd5 11. exd5 Bxc3+ 12. Bd2 Bxa1 13. Qxa1 exd5 14.
 cxd5 Re8+ 15. Be3 Qb4+ 16. Nd2 Qd4 17. O-O Qxd3 18. Bh6 Qd4 19. Qc1 Qxd5 
20. Nc4 Qe6 21. Bf4 d5 22. Ne3 b6 23. Nc2 Bb7 24. Ne3 d4 25. Nc4 Ba6 26. 
Bd2 Qd5 27. Rd1 Rad8 28. Bg5 Bb7 29. f3 Re2 30. Bxd8 Rxg2+ 31. Kxg2 Qxf3+ 
0-1

[Event "Herbert W. Gustafson Memorial Open, S47069"]
[Site "CCLA"]
[Date "2014.10.27"]
[Round "?"]
[White "Blake, Michael J."]
[Black "Cacas, Alexander"]
[Result "1-0"]
[WhiteElo "2008"]
[BlackElo "1886"]

1. d4 Nf6 2. c4 g6 3. g3 Bg7 4. Bg2 d6 5. Nf3 O-O 6. Nc3 Nbd7 7. O-O e5 8.
 e4 c6 9. h3 Re8 10. Be3 exd4 11. Nxd4 Nc5 12. Qc2 Qe7 13. Rfe1 Bd7 14. 
Nb3 Na6 15. Rad1 Be6 16. Qe2 Nd7 17. Nd4 Ndc5 18. f4 Rad8 19. a3 Nc7 20. 
b4 N5a6 21. Nxe6 Nxe6 22. Qc2 Nac7 23. Ne2 a6 24. Rd3 Rd7 25. Red1 Red8 
26. Qd2 Na8 27. c5 Bf8 28. f5 Nec7 29. Bg5 f6 30. Bf4 d5 31. g4 Qf7 32. g5
gxf5 33. exf5 Re8 34. Nd4 fxg5 35. Bxg5 Kh8 36. Rg3 Bg7 37. f6 Bf8 38. Rf1
Ne6 39. Nxe6 Rxe6 40. Bh6 Rxf6 41. Qd4 Bxh6 42. Rxf6 1-0

[Event "Winter Server Series, S40011"]
[Site "CCLA"]
[Date "2014.01.27"]
[Round "?"]
[White "Shnaiderman, Lazar"]
[Black "Quirk, Michael"]
[Result "0-1"]
[WhiteElo "2026"]
[BlackElo "2205"]

1. d4 Nf6 2. c4 g6 3. Nc3 Bg7 4. e4 d6 5. Be2 O-O 6. Bg5 h6 7. Be3 c5 8. 
d5 e6 9. Qd2 exd5 10. exd5 Kh7 11. Bxh6 Bxh6 0-1

[Event "Continuous Server Series, S40189"]
[Site "CCLA"]
[Date "2014.06.06"]
[Round "?"]
[White "Cangelosi, Dominic"]
[Black "Blankenship, Jerry T."]
[Result "0-1"]
[WhiteElo "1415"]
[BlackElo "1599"]

1. d4 Nf6 2. c4 g6 3. Nc3 d6 4. e4 Bg7 5. f4 O-O 6. Nf3 c5 7. d5 e6 8. e5 
dxe5 9. fxe5 Nfd7 10. Bf4 exd5 11. cxd5 Nxe5 12. Nxe5 Bxe5 13. Bxe5 Re8 
14. Qe2 Nd7 15. Nb5 Rxe5 0-1

[Event "Winter Server Series, S40021"]
[Site "CCLA"]
[Date "2014.01.27"]
[Round "?"]
[White "Branton, Gary"]
[Black "Shannon, Paul D."]
[Result "0-1"]
[WhiteElo "1856"]
[BlackElo "1832"]

1. d4 Nf6 2. c4 g6 3. Nc3 Bg7 4. e4 d6 5. f3 O-O 6. Be3 Nc6 7. Nge2 a6 8. 
Nc1 e5 9. d5 Nd4 10. Nb3 Nxb3 11. Qxb3 Nd7 12. O-O-O b6 13. Be2 Nc5 14. 
Qc2 a5 15. g4 Bd7 16. h4 h6 17. Qd2 Kh7 18. Rdg1 f6 19. f4 exf4 20. Bxf4 
Qe7 21. h5 g5 22. Be3 Kh8 23. Bd3 Rae8 24. Bc2 Nb7 25. Qd3 f5 26. gxf5 
Bxf5 27. Bxg5 hxg5 28. exf5 Nc5 29. Qf3 Bh6 30. Kd1 Qf6 31. Rg4 Nd7 32. 
Ne4 Qd4+ 33. Nd2 Qxb2 34. Re4 Rxe4 35. Qxe4 Nf6 36. Qe7 Qxa2 37. Qxc7 Qa1+
38. Nb1 Qd4+ 39. Ke2 Re8+ 40. Kf1 Qf4+ 41. Kg2 Re2+ 0-1

[Event "Herbert W. Gustafson Memorial Open, S47029"]
[Site "CCLA"]
[Date "2014.10.27"]
[Round "?"]
[White "Caliguire, John J."]
[Black "Vlasov, Andrey"]
[Result "1/2-1/2"]
[WhiteElo "2233"]
[BlackElo "2226"]

1. c4 Nf6 2. Nc3 g6 3. e4 d6 4. d4 Bg7 5. f3 O-O 6. Be3 Nc6 7. Qd2 a6 8. 
Nge2 Rb8 9. a3 Bd7 10. b4 b5 11. Rd1 bxc4 12. Ng3 a5 13. b5 Na7 14. a4 c6 
15. bxc6 Nxc6 16. Bxc4 Nb4 17. O-O Qc7 18. Bb5 Rfc8 19. Rc1 Qd8 20. Nge2 
Bxb5 21. Nxb5 Nd7 22. Na7 Rxc1 23. Rxc1 Nb6 24. Nc6 Nxc6 25. Rxc6 1/2-1/2

[Event "3rd TCCL Friendly Server Tournament, 3rdTCCL"]
[Site "CCLA"]
[Date "2014.07.10"]
[Round "?"]
[White "Lyons, Anthony W."]
[Black "Smith, Jason A."]
[Result "0-1"]
[WhiteElo "1287"]
[BlackElo "1717"]

1. d4 Nf6 2. Nf3 g6 3. c4 Bg7 4. Nc3 O-O 5. e4 d6 6. e5 dxe5 7. dxe5 Qxd1+
8. Nxd1 Ng4 9. Ne3 Nxe5 10. Nxe5 Bxe5 11. Rb1 Nc6 12. b3 Bc3+ 13. Bd2 
Bxd2+ 14. Kxd2 Rd8+ 15. Kc2 Nb4+ 16. Kc3 Nxa2+ 17. Kb2 Rd2+ 18. Nc2 Nb4 
0-1

[Event "3rd TCCL Friendly Server Tournament, 3rdTCCL"]
[Site "CCLA"]
[Date "2014.07.10"]
[Round "?"]
[White "Lyons, Gage W."]
[Black "Caliguire, John J."]
[Result "0-1"]
[WhiteElo "1252"]
[BlackElo "2233"]

1. d4 Nf6 2. c4 g6 3. Bg5 Bg7 4. Nf3 O-O 5. Nc3 d6 6. e4 c5 7. d5 e6 8. e5
dxe5 9. Bxf6 Qxf6 10. Bd3 Qe7 11. O-O f5 12. Bc2 e4 13. Nd2 Rd8 14. Re1 
Na6 15. a3 Nc7 16. Ne2 Bxb2 17. Rb1 Bxa3 18. Nf4 Bb4 19. f3 Qd6 20. Ne2 
exd5 21. fxe4 dxe4 22. Rf1 Qxd2 23. Qxd2 Rxd2 24. Bd1 Be6 25. Rc1 Rad8 26.
 Nc3 Bxc3 27. Rxc3 Rxd1 28. Rxd1 Rxd1+ 29. Kf2 f4 30. g3 e3+ 0-1

[Event "Summer Server Series, S40051"]
[Site "CCLA"]
[Date "2014.07.28"]
[Round "?"]
[White "Sereni, Vincent T."]
[Black "Shannon, Paul D."]
[Result "1-0"]
[WhiteElo "2118"]
[BlackElo "1832"]

1. d4 Nf6 2. c4 g6 3. Nc3 Bg7 4. e4 d6 5. Nf3 O-O 6. h3 e5 7. d5 Nh5 8. 
Bg5 Qe8 9. Bd3 h6 10. Be3 Na6 11. O-O Nf4 12. Bc2 Bd7 13. Qd2 g5 14. a3 f5
15. exf5 Bxf5 16. Bxf4 gxf4 17. Bxf5 Rxf5 18. Qc2 Rf8 19. b4 Rd8 20. Rad1 
Nb8 21. Nb5 Rd7 22. Nxa7 c6 23. Rfe1 Qh5 24. Qe4 Qf5 25. Qxf5 Rxf5 26. Nc8
Bf8 27. dxc6 bxc6 28. a4 d5 29. Rxe5 Rxe5 30. Nxe5 Rd8 31. Na7 Rd6 32. 
cxd5 cxd5 33. b5 Bg7 34. Nec6 Nd7 35. Nc8 Re6 36. a5 Ne5 37. N6e7+ Kf7 38.
 a6 1-0

[Event "Winter Server Series, S40021"]
[Site "CCLA"]
[Date "2014.01.27"]
[Round "?"]
[White "Branton, Gary"]
[Black "McLaughlin, Ed"]
[Result "1-0"]
[WhiteElo "1856"]
[BlackElo "1561"]

1. c4 Nf6 2. Nf3 g6 3. Nc3 Bg7 4. e4 d6 5. d4 Nbd7 6. Be2 O-O 7. O-O c5 8.
 d5 a6 9. h3 Re8 10. Bf4 Nf8 11. Bh2 e5 12. a4 Bd7 13. a5 b6 14. axb6 Qxb6
15. Qc2 Reb8 16. Rfb1 Bc8 17. Ne1 Bh6 18. Nd3 Nh5 19. Bxh5 gxh5 20. f4 
exf4 21. Bxf4 Bxf4 22. Nxf4 Qd8 23. Nxh5 Qg5 24. g4 Ng6 25. Qe2 f5 26. 
exf5 Bxf5 27. Rf1 Nh4 28. Rxf5 Nxf5 29. Qe6+ Kh8 30. Qxf5 Qe3+ 31. Kh1 
Qxh3+ 32. Kg1 Qe3+ 33. Qf2 Qxf2+ 34. Kxf2 Rxb2+ 35. Ke3 Re8+ 36. Kd3 Rb6 
37. Rf1 Rb7 38. Rf6 Rd7 39. Ne4 Rde7 40. Nhg3 a5 41. Rxd6 Ra7 42. Rb6 a4 
43. Rb2 Rf8 44. Nf5 h5 45. Nh4 a3 46. Ra2 Rb8 47. Kc3 hxg4 48. Nxc5 Rc8 
49. Ne6 Ra4 50. c5 g3 51. Ng2 Rb8 52. c6 1-0